00959nam a2200217 i 450000100060000000300090000600500170001500700030003200800410003510000270007624501760010326000560027930000290033565000370036465100530040165100530045465100760050785200210058399900170060495201200062172381ES-MaACL20250901102439.0t|040831s1932 fr ||||1| fre d1 aGirard, Albert.95721313aLe commerce français a Seville et Cadix au temps des Habsbourg b: contribution a l'etude du commerce etranger en Espagne aux XVI et XVIII siecles / cpar Albert Girard. aParis : bBoccard, c1932 (eBordeaux : fJ. Biere) aXXIII, 607 p. ; c25 cm. 7aComercio-zAndalucía29163019 7aEspaña-xComercio exterior-zFrancia29163020 7aFrancia-xComercio exterior-zEspaña29163021 4aEspaña-xComercio exterior-zAmérica española-vHistoria.9163022 aES-MaACLjA-1738 c72381d72381 00104070aATENEOMbATENEOMcSPP1d2008-01-17eSCl0oA-1738p1075777r2023-02-23 00:00:00w2023-02-23yMONOGRAFIA